000
00310nam a2200121Ia 4500
008
230524s9999 xx 000 0 und d
100
_a
Rajesh K. Maurya
245
0
_a
Computer Graphics: With Virtual Reality Systems
260
_b
J.Wiley
500
_a
Quantity Number: 100
650
_a
Comp-Sc
942
_c
BK
999
_c
49997
_d
49997